01629 2200433 4500001002100000005001500021035002000036007000300056008004100059020002200100040002200122082001200144084001400156090002200170100003500192245028600227250003500513300006000548650004100608700002100649700003700670700003200707700003400739700003000773700003100803700003400834700003000868700002900898700002800927700003500955850001200990504002501002264005001027336002101077337003001098338002301128999002201151990002201173INLIS00000000086008620210521085429 a0010-0521000667ta210521s2021 yoia g ind d a978-602-386-937-4 aYOPDYOGbinderda04223a729 a729 SEN m aCB-D.11 2021-01380 aSentagi Sesotya Utamiepenulis10aMenuju bangunan zero energy di Indonesia /cpenulis, Sentagi Sesotya Utami, Faridah, Laksana Gema Perdamaian, Rachmawan Budiarto, Fiki Rahmatika Salis, Ressy Jaya Yanti, M.Kholid Ridwan, Dian Dianti Avoressi, Randy Frans Fela, Dwi Joko Suroso, Nazrul Effendy, Yakub Fahim Luckyatno aCetakan pertama : Januari 2021 axviii, 272 halaman :bgambar, ilustrasi, tabel ;c23 cm 4aArsitektur--xDesain dan perencanaan0 aFaridahepenulis0 aLaksana Gema Perdamaianepenulis0 aRachmawan Budiartoepenulis0 aFiki Rahmatika Salisepenulis0 aRessy Jaya Yantiepenulis1 aKholid Ridwan, M.epenulis0 aDian Dianti Avoressiepenulis0 aRandy Frans Felaepenulis0 aDwi Joko Surosoepenulis0 aNazrul Effendyepenulis0 aYakub Fahim Luckyarnoepenulis aYOPDYOG aTermasuk bibliografi31aSleman :bGadjah Mada University Press,c2021 2rdacontentateks 2rdamediaatanpa perantara 2rdacarrieravolume aCB-D.11/2021-0138 aCB-D.11/2021-0138